Historia de las cosas más notables, ritos y costumbres del gran Reino de la China / (Record no. 118954)

MARC details
000 -LEADER
campo de control de longitud fija 00908nam a2200241 i 4500
001 - NÚMERO DE CONTROL
campo de control 118954
003 - IDENTIFICADOR DE NÚMERO DE CONTROL
campo de control ES-MaACL
005 - FECHA Y HORA DE LA ÚLTIMA TRANSACCIÓN
campo de control 20250728181203.0
007 - CAMPO FIJO DE DESCRIPCIÓN FÍSICA--INFORMACIÓN GENERAL
campo de control de longitud fija t|
008 - DATOS DE LONGITUD FIJA--INFORMACIÓN GENERAL
campo de control de longitud fija 190507s1944 sp f |||| | spa d
100 1# - ENTRADA PRINCIPAL--NOMBRE DE PERSONA
Nombre de persona González de Mendoza, Juan.
9 (RLIN) 166976
245 10 - MENCIÓN DEL TÍTULO
Título Historia de las cosas más notables, ritos y costumbres del gran Reino de la China /
Mención de responsabilidad, etc. Juan González Mendoza ; edición, prólogo y notas por el P. Félix García, O.S.A.
260 ## - PUBLICACIÓN, DISTRIBUCIÓN, ETC.
Lugar de publicación, distribución, etc. Madrid :
Nombre del editor, distribuidor, etc. M. Aguilar,
Fecha de publicación, distribución, etc. 1944.
300 ## - DESCRIPCIÓN FÍSICA
Extensión LII, 396 p., 9 lám. ;
Dimensiones 20 cm.
490 1# - MENCIÓN DE SERIE
Mención de serie España misionera ;
Designación de volumen o secuencia 2
650 #4 - PUNTO DE ACCESO ADICIONAL DE MATERIA--TÉRMINO DE MATERIA
Término de materia o nombre geográfico como elemento de entrada Ritos y ceremonias-
Subdivisión geográfica China.
9 (RLIN) 170495
651 #4 - PUNTO DE ACCESO ADICIONAL DE MATERIA--NOMBRE GEOGRÁFICO
Nombre geográfico China-
Subdivisión general Descripción-
Subdivisión de forma Obras anteriores a 1800.
9 (RLIN) 166977
651 #4 - PUNTO DE ACCESO ADICIONAL DE MATERIA--NOMBRE GEOGRÁFICO
Nombre geográfico China-
Subdivisión general Usos y costumbres.
9 (RLIN) 8064
700 1# - ENTRADA AGREGADA--NOMBRE PERSONAL
Nombre de persona García, Félix,
Fechas asociadas al nombre 1897-1983
9 (RLIN) 172116
830 1# - PUNTO DE ACCESO ADICIONAL DE SERIE-TÍTULO UNIFORME
Título uniforme España misionera ;
Designación de volumen o secuencia 2
9 (RLIN) 186431
852 ## - LOCALIZACIÓN
Ubicación ES-MaACL
Número de control de estantería F-16322
Holdings
Estatus retirado Estado de pérdida Estado de daño No para préstamo Biblioteca de origen Biblioteca actual Ubicación en estantería Fecha de adquisición Fuente de adquisición Total de préstamos Signatura topográfica completa Código de barras Visto por última vez Precio de reemplazo Tipo de ítem Koha
        Biblioteca del Ateneo de Madrid Biblioteca del Ateneo de Madrid Sala Pecera Planta 2 07/05/2019     F-16322 1200497 23/02/2023 23/02/2023 Libro impreso